[Event "Berdsk Maestro op 16th"]
[Site "Berdsk"]
[Date "2010.07.11"]
[Round "4"]
[White "Kozhevnikov, Evgraf"]
[Black "Dyagilev, Viktor"]
[Result "0-1"]
[WhiteElo "1969"]
[BlackElo "1756"]
[PlyCount "84"]
[EventDate "2010.07.08"]
[EventType "swiss"]
[EventRounds "9"]
[EventCountry "RUS"]
[SourceTitle "EXT 2011"]
[Source "ChessBase"]
[SourceDate "2010.11.26"]
[SourceVersion "1"]
[SourceVersionDate "2010.11.26"]
[SourceQuality "1"]

1. e4 c5 2. Nf3 d6 3. d4 cxd4 4. Nxd4 Nf6 5. Nc3 a6 6. Bg5 e6 7. f4 Nc6 8. Nxc6 bxc6 9. e5 h6 10. Bh4 g5 11. fxg5 Nd5 12. Ne4 Qb6 13. c4 Qxb2 14. Bf2 Qxe5 15. Qd4 Bg7 16. Rd1 Qxd4 17. Bxd4 Bxd4 18. cxd5 Be5 19. dxe6 d5 20. exf7+ Kxf7 21. Nc5 hxg5 22. h3 Bg3+ 23. Kd2 Bf4+ 24. Kc2 Bd6 25. Nb3 Re8 26. Bd3 c5 27. Rhf1+ Kg7 28. Bf5 d4 29. Na5 Re2+ 30. Rd2 Rxd2+ 31. Kxd2 Bf4+ 32. Rxf4 gxf4 33. Be4 Rb8 34. Nb3 Bb7 35. Nxc5 Bxe4 36. Nxe4 Rb2+ 37. Kd3 Rxa2 38. Nc5 Kf6 39. Ke4 Rxg2 40. Nxa6 Re2+ 41. Kxf4 d3 42. Kf3 Re5 0-1

[Event "Berdsk Maestro op 15th"]
[Site "Berdsk"]
[Date "2009.07.08"]
[Round "1"]
[White "Kozhevnikov, Evgraf"]
[Black "Sviridov, Valery"]
[Result "0-1"]
[WhiteElo "1991"]
[BlackElo "2218"]
[PlyCount "114"]
[EventDate "2009.07.08"]
[EventType "swiss"]
[EventRounds "9"]
[EventCountry "RUS"]
[SourceTitle "EXT 2022"]
[Source "ChessBase"]
[SourceDate "2021.10.06"]
[SourceVersion "1"]
[SourceVersionDate "2021.10.06"]
[SourceQuality "1"]

1. e4 Nf6 2. e5 Nd5 3. Nc3 e6 4. d4 d6 5. Nf3 Nc6 6. Bb5 Bd7 7. exd6 Bxd6 8. 0-0 0-0 9. Ne4 Be7 10. c4 Nb6 11. Nc5 a6 12. Nxb7 Qc8 13. Bxc6 Bxc6 14. Na5 Be8 15. c5 Nd5 16. Nc4 Bb5 17. Qc2 a5 18. a4 Nb4 19. Qe2 Ba6 20. Be3 Qb7 21. Rfc1 Qd5 22. b3 Rab8 23. Qd2 Bxc4 24. Rxc4 Nc6 25. Qc2 Bf6 26. Rd1 Rfd8 27. Rd2 Rb7 28. h3 Rdb8 29. Ne5 Bxe5 30. dxe5 Qxe5 31. Re4 Qf5 32. Rd3 Nb4 33. Rxb4 Rxb4 34. Qd1 Qf6 35. Bd2 Rd4 36. Bc3 Rxd3 37. Qxd3 Qe7 38. Qg3 f6 39. Bxa5 Qxc5 40. Bxc7 Rb7 41. Bf4 Qd5 42. Qc3 Qxb3 43. Qc6 h6 44. a5 Ra7 45. Bc7 Qd1+ 46. Kh2 Qd5 47. Qe8+ Kh7 48. Bb6 Ra8 49. Qa4 f5 50. Qc2 Qd6+ 51. g3 Qd7 52. Qe2 Rc8 53. a6 Rc1 54. a7 Qc6 55. f3 Rc2 56. Qf2 Rxf2+ 57. Bxf2 Qxf3 0-1

[Event "Voronezh op-B 13th"]
[Site "Voronezh"]
[Date "2009.06.20"]
[Round "9"]
[White "Kozhevnikov, Evgraf"]
[Black "Skorobagatykh, Andrey"]
[Result "0-1"]
[WhiteElo "1991"]
[BlackElo "1919"]
[PlyCount "68"]
[EventDate "2009.06.12"]
[EventType "swiss"]
[EventRounds "9"]
[EventCountry "RUS"]
[SourceTitle "CBM 130 Extra"]
[Source "ChessBase"]
[SourceDate "2009.07.02"]
[SourceVersion "2"]
[SourceVersionDate "2009.07.15"]
[SourceQuality "1"]

1. d4 e6 2. c4 b6 3. Nf3 Bb7 4. Nc3 Bb4 5. Qc2 f5 6. a3 Bxc3+ 7. Qxc3 Nf6 8. Bg5 0-0 9. Bxf6 Qxf6 10. e3 d6 11. Be2 Nd7 12. 0-0-0 e5 13. Rhg1 e4 14. Nd2 c5 15. g4 cxd4 16. exd4 f4 17. g5 Qe7 18. Bg4 Rac8 19. Qh3 Rc7 20. Bf5 g6 21. Be6+ Kh8 22. d5 Nc5 23. Kb1 Qg7 24. Nf1 Nd3 25. Rxd3 exd3 26. Qxd3 Ba6 27. Nd2 Rb8 28. a4 Bc8 29. Re1 a6 30. Qh3 b5 31. Ne4 bxc4 32. Nf6 c3 33. Re2 Bxe6 34. Qxe6 Rcc8 0-1

[Event "Voronezh op-B 13th"]
[Site "Voronezh"]
[Date "2009.06.17"]
[Round "6"]
[White "Koshelev, Alexey"]
[Black "Kozhevnikov, Evgraf"]
[Result "0-1"]
[WhiteElo "1829"]
[BlackElo "1991"]
[PlyCount "96"]
[EventDate "2009.06.12"]
[EventType "swiss"]
[EventRounds "9"]
[EventCountry "RUS"]
[SourceTitle "CBM 130 Extra"]
[Source "ChessBase"]
[SourceDate "2009.07.02"]
[SourceVersion "2"]
[SourceVersionDate "2009.07.15"]
[SourceQuality "1"]

1. d4 d5 2. c4 Nc6 3. Nf3 Bg4 4. Nc3 e6 5. cxd5 exd5 6. e3 Nf6 7. Bd3 Bb4 8. Bd2 0-0 9. 0-0 Qd7 10. a3 Bxc3 11. Bxc3 Ne4 12. h3 Be6 13. Bb5 f6 14. Rc1 a6 15. Bxc6 bxc6 16. Bb4 Rfb8 17. Qc2 a5 18. Be1 Rb6 19. Nd2 Nd6 20. Nb3 Bf5 21. Nc5 Qc8 22. Qc3 Nc4 23. Na4 Rb7 24. b3 Nxa3 25. Qxc6 Bd3 26. Qxd5+ Kh8 27. Nc5 Rb5 28. Qc6 Bxf1 29. Kxf1 Rb6 30. Qe4 Qe8 31. Qg4 Nb5 32. Ra1 Nd6 33. Kg1 Qc8 34. Qxc8+ Nxc8 35. Bxa5 Rb5 36. Bc3 Rxa1+ 37. Bxa1 Nd6 38. Bc3 Nb7 39. b4 Nxc5 40. bxc5 Rb1+ 41. Kh2 Kg8 42. d5 Rc1 43. Bd4 Rc2 44. Kg3 Kf7 45. c6 Ke7 46. Kf3 Kd6 47. e4 Ra2 48. Be3 Ke5 0-1

[Event "Novosibirsk Sukharev Memorial Seniors"]
[Site "Novosibirsk"]
[Date "2008.07.23"]
[Round "4"]
[White "Kozhevnikov, Evgraf"]
[Black "Klimov, Valery"]
[Result "1-0"]
[WhiteElo "1956"]
[BlackElo "1941"]
[PlyCount "53"]
[EventDate "2008.07.20"]
[EventType "swiss"]
[EventRounds "9"]
[EventCountry "RUS"]
[SourceTitle "EXT 2022"]
[Source "ChessBase"]
[SourceDate "2021.10.06"]
[SourceVersion "1"]
[SourceVersionDate "2021.10.06"]
[SourceQuality "1"]

1. e4 e5 2. Nf3 Nc6 3. Bb5 Bc5 4. 0-0 Nd4 5. Nxd4 Bxd4 6. c3 Bb6 7. d4 c6 8. Bc4 d6 9. a4 Nf6 10. a5 Bxa5 11. Bg5 Bb6 12. f4 exd4 13. cxd4 Be6 14. Be2 Qc7 15. Nc3 Qb8 16. Kh1 Bd8 17. f5 Bd7 18. Bf4 Bc7 19. Bd3 0-0 20. Qf3 b5 21. Ne2 Re8 22. Ng3 Kh8 23. Nh5 Rg8 24. Rae1 Nxh5 25. Qxh5 Qc8 26. Rf3 Qe8 27. Qxh7+ 1-0

[Event "Koltsovo Naukograd op"]
[Site "Koltsovo"]
[Date "2008.06.28"]
[Round "1"]
[White "Beletsky, Alexey"]
[Black "Kozhevnikov, Evgraf"]
[Result "1-0"]
[WhiteElo "2357"]
[BlackElo "1956"]
[PlyCount "71"]
[EventDate "2008.06.28"]
[EventType "swiss"]
[EventRounds "9"]
[EventCountry "RUS"]
[SourceTitle "EXT 2022"]
[Source "ChessBase"]
[SourceDate "2021.10.06"]
[SourceVersion "1"]
[SourceVersionDate "2021.10.06"]
[SourceQuality "1"]

1. e4 c5 2. c3 Nc6 3. Nf3 d6 4. d4 cxd4 5. cxd4 Nf6 6. Nc3 g6 7. Be2 Bg7 8. 0-0 0-0 9. d5 Nb8 10. h3 Nbd7 11. Be3 Ne8 12. Bd4 Ne5 13. Rc1 Bd7 14. Ne1 f5 15. f4 Nf7 16. Kh2 e5 17. dxe6 Bxe6 18. exf5 gxf5 19. Bxg7 Nxg7 20. Nf3 Qa5 21. Nd4 Bd7 22. Bc4 Rac8 23. Bb3 a6 24. Nd5 Qd8 25. Rxc8 Bxc8 26. Re1 Re8 27. Rxe8+ Nxe8 28. Qc2 Bd7 29. Nxf5 Nf6 30. Nh6+ Kg7 31. Nxf7 Kxf7 32. Nxf6+ Kxf6 33. Qxh7 Qe8 34. Qh6+ Ke7 35. Qg5+ Kf8 36. Qf6+ 1-0

[Event "SibFR-ch Seniors"]
[Site "Novosibirsk"]
[Date "2007.10.09"]
[Round "1"]
[White "Kozhevnikov, Evgraf"]
[Black "Bogachev, Alexandr"]
[Result "0-1"]
[WhiteElo "1959"]
[BlackElo "2149"]
[PlyCount "62"]
[EventDate "2007.10.09"]
[EventType "swiss"]
[EventRounds "9"]
[EventCountry "RUS"]
[SourceTitle "EXT 2022"]
[Source "ChessBase"]
[SourceDate "2021.10.06"]
[SourceVersion "1"]
[SourceVersionDate "2021.10.06"]
[SourceQuality "1"]

1. e4 e6 2. d4 d5 3. Nd2 Nf6 4. e5 Nfd7 5. f4 c5 6. c3 Nc6 7. Ndf3 Qb6 8. g3 Be7 9. Bh3 cxd4 10. cxd4 Bb4+ 11. Kf1 Be7 12. Ne2 Qa6 13. Kg2 0-0 14. Rf1 f5 15. Be3 Nb6 16. b3 Bd7 17. g4 fxg4 18. Bxg4 Kh8 19. Ng3 Rac8 20. Ng5 Bxg5 21. fxg5 Nb4 22. Be2 Bb5 23. a3 Rxf1 24. Qxf1 Nc2 25. Bxb5 Nxe3+ 26. Kh3 Nxf1 27. Bxa6 Nxg3 28. Bxb7 Rc7 29. Bxd5 Nxd5 30. Kxg3 Rc3+ 31. Kg4 Rxb3 0-1

[Event "Sibiria Region-ch"]
[Site "Novosibirsk"]
[Date "2003.??.??"]
[Round "6"]
[White "Yakishik, Sergey"]
[Black "Kozhevnikov, Evgraf"]
[Result "0-1"]
[WhiteElo "2196"]
[BlackElo "2011"]
[PlyCount "91"]
[EventDate "2003.05.??"]
[EventType "swiss"]
[EventRounds "9"]
[EventCountry "RUS"]
[SourceTitle "EXT 2008"]
[Source "ChessBase"]
[SourceDate "2007.11.25"]
[SourceVersion "1"]
[SourceVersionDate "2007.11.25"]
[SourceQuality "1"]

1. e4 c5 2. c4 Nc6 3. Nc3 d6 4. g3 g6 5. Bg2 Bg7 6. Nge2 e5 7. 0-0 Nge7 8. d3 0-0 9. Be3 Nd4 10. Nd5 Bg4 11. f3 Be6 12. Nec3 Qd7 13. Qd2 Nec6 14. Rae1 Bh3 15. Ne2 Bxg2 16. Kxg2 f5 17. Bxd4 exd4 18. f4 fxe4 19. dxe4 Rae8 20. Nc1 Ne7 21. Nxe7+ Rxe7 22. Rf2 Qc6 23. Qd3 a6 24. g4 b5 25. b3 Ref7 26. Ne2 Be5 27. Ref1 Bg7 28. Ng3 Bh6 29. g5 Bg7 30. Rf3 Re7 31. h4 Rfe8 32. h5 Rxe4 33. Nxe4 Rxe4 34. hxg6 hxg6 35. Kg3 bxc4 36. bxc4 Re6 37. f5 gxf5 38. Qxf5 Qe8 39. Rh1 Qg6 40. Qxg6 Rxg6 41. Kg4 Re6 42. Rb1 Re8 43. Rb6 Be5 44. Rxa6 Rd8 45. Kf5 Rf8+ 46. Ke4 0-1